Quiz sulla città di Catania - Statistics

Statistiche generali
  • Questo quiz è stato fatto 288 volte
  • Il punteggio medio è 11 su 20
Statistiche sulle risposte
Categoria Descrizione Risposta % Corretto
Geografia Isola su quale si trova Catania Sicilia
98%
Geografia Vulcano che si vede dalla città Etna
96%
Geografia Frazione del Mediterraneo su quale sta Catania Mar {Ionio}
85%
Geografia Aeroporto di Catania Fontana{rossa}
82%
Storia Disastro naturale che ha colpito Catania nel 1693 Terremoto
81%
Storia Animale simbolo di Catania Elefante
77%
Cultura Pasta catanese con melanzane fritte e ricotta Pasta alla {Norma}
77%
Catanesi famosi Autore verista dei "Malavoglia" Giovanni Verga
69%
Cultura Patrona santa di Catania Sant'Agata
66%
Catanesi famosi Comico italiano di nome Rosario nato a Catania nel 1960 Fiorello
62%
Geografia Fiume maggiore che sfoccia al sud di Catania Simeto
46%
Cultura Castello detto "inespugnabile" costruito da Federico II di Svevia Castello {Ursino}
42%
Catanesi famosi Più famosi compositori d'opera di Catania Vincenzo Bellini
42%
Cultura Più famoso palazzo barocco di Catania Palazzo B{iscari}
36%
Geografia "Vallo" in quale si trova Catania Val di {Noto}
35%
Cultura Tipo di mercato per quale Catania è particolarmente famosa Pescheria
28%
Catanesi famosi Architetto dei principali edifici barocchi della città Giovanni Battista Vaccarini
13%
Storia Catania fu fondata come colonia di questa città greca Calcide
12%
Catanesi famosi Famoso legislatore antico di Catania Caronda
11%
Catanesi famosi Più famosi compositori d'opera di Catania Giovanni Pacini
5%
Nessun quiz corrispondente trovato
Distribuzione punteggi
Percentuale di utenti per punteggio
Percentile per numero di risposta
I tuoi punteggi nel tempo
Non hai fatto questo quiz